A summarie of the chronicles of England. : Diligently collected, abridged, & continued vnto this present yeere of Christ, 1598. /

Bibliographic Details
Main Author: Stow, John, 1525?-1605
Format: eBook
Language:English
Published: London. : Imprinted by Richard Bradocke., 1598.
Series:Early English books online.
Subjects:
Online Access:Connect to the full text of this electronic book

MARC

Tag First Indicator Second Indicator Subfields
LEADER 00000nam a2200000Ia 4500
001 in00004182113
005 20200807084455.0
006 m g d
007 cr bn |||a|bb|
008 060505s1598 enk o 000 0 eng d
035 |a (OCoLC)68223042 
040 |a UMI  |e dcrb  |c UMI 
037 |a CL0036000074  |b ProQuest Information and Learning 300 N. Zeeb Rd., Ann Arbor, MI 48103-1553 
043 |a e-uk-en 
090 |a DA130  |b .S86 
049 |a UMIA 
100 1 |a Stow, John,  |d 1525?-1605. 
245 1 2 |a A summarie of the chronicles of England. :  |b Diligently collected, abridged, & continued vnto this present yeere of Christ, 1598. /  |c By Iohn Stovv. 
260 |a London. :  |b Imprinted by Richard Bradocke.,  |c 1598. 
300 |a 1 online resource ([32], 460, [33] pages) 
336 |a text  |b txt  |2 rdacontent 
337 |a computer  |b c  |2 rdamedia 
338 |a online resource  |b cr  |2 rdacarrier 
500 |a Marginal notes. 
500 |a Page 4 catchword: 'Betweene'. 
500 |a Title within ornamental border (McK. and Ferg. 219); black letter; initials. 
500 |a Signatures: [pi]⁸ [par.]⁸ A-2G⁸ 2H⁶. 
500 |a Imperfect: torn, tightly bound, with print show-through, broken type, and faded ink, resulting in loss of text. Best copy available for photographing. 
500 |a Reproduction of original in: National Library of Scotland. 
510 4 |a STC (2nd edition)  |c 23328.5. 
533 |a Electronic reproduction.  |b Ann Arbor, Mich. :  |c UMI,  |d 1999-  |f (Early English books online)  |n Digital version of: (Early English books, 1475-1640 ; 2202:11)  |7 s1999 miun s 
651 0 |a Great Britain  |x History  |y To 1485  |v Early works to 1800. 
651 0 |a Great Britain  |x History  |y Tudors, 1485-1603  |v Early works to 1800. 
650 0 |a Almanacs, English  |y 17th century. 
830 0 |a Early English books online. 
856 4 0 |u http://proxy.library.tamu.edu/login?url=https://search.proquest.com/docview/2248539101  |z Connect to the full text of this electronic book  |t 0 
994 |a 02  |b UMI 
999 f f |s 4e2d2273-3a22-3ef7-8919-dfb06c15b1a1  |i 0bd9caf0-7924-391b-9b46-ea53fbbc8dd4  |t 0 
952 f f |a Texas A&M University  |b College Station  |c Electronic Resources  |d Available Online  |t 0  |e DA130 .S86  |h Library of Congress classification 
998 f f |a DA130 .S86  |t 0  |l Available Online